| 000 -LEADER |
| fixed length control field |
01898cam a2200373 a 4500 |
| 001 - CONTROL NUMBER |
| control field |
15898727 |
| 003 - CONTROL NUMBER IDENTIFIER |
| control field |
OSt |
| 005 - DATE AND TIME OF LATEST TRANSACTION |
| control field |
20140116120818.0 |
| 008 - FIXED-LENGTH DATA ELEMENTS--GENERAL INFORMATION |
| fixed length control field |
090908s2010 enkabo b 001 0 eng |
| 010 ## - LIBRARY OF CONGRESS CONTROL NUMBER |
| LC control number |
2009037492 |
| 015 ## - NATIONAL BIBLIOGRAPHY NUMBER |
| National bibliography number |
GBA986927 |
| Source |
bnb |
| 016 7# - NATIONAL BIBLIOGRAPHIC AGENCY CONTROL NUMBER |
| Record control number |
015361876 |
| Source |
Uk |
| 020 ## - INTERNATIONAL STANDARD BOOK NUMBER |
| International Standard Book Number |
9781405183680 |
| 035 ## - SYSTEM CONTROL NUMBER |
| System control number |
(OCoLC)ocn436946035 |
| 040 ## - CATALOGING SOURCE |
| Original cataloging agency |
DLC |
| Transcribing agency |
DLC |
| Modifying agency |
BWKUK |
| -- |
UKM |
| -- |
BWX |
| -- |
YDXCP |
| -- |
CDX |
| -- |
NTE |
| -- |
DLC |
| 043 ## - GEOGRAPHIC AREA CODE |
| Geographic area code |
cl----- |
| 050 00 - LIBRARY OF CONGRESS CALL NUMBER |
| Classification number |
F1410.B175 2010 |
| 100 1# - MAIN ENTRY--PERSONAL NAME |
| Personal name |
Bakewell, P. J. |
| Fuller form of name |
(Peter John), |
| Dates associated with a name |
1943- |
| 245 12 - TITLE STATEMENT |
| Title |
A history of Latin America to 1825 / |
| Statement of responsibility, etc |
Peter Bakewell ; in collaboration with Jacqueline Holler. |
| 250 ## - EDITION STATEMENT |
| Edition statement |
3rd ed. |
| 260 ## - PUBLICATION, DISTRIBUTION, ETC. (IMPRINT) |
| Place of publication, distribution, etc |
Chichester, U.K. ; |
| -- |
Malden, Mass. : |
| Name of publisher, distributor, etc |
Wiley-Blackwell, |
| Date of publication, distribution, etc |
2010. |
| 300 ## - PHYSICAL DESCRIPTION |
| Extent |
xix, 573 p. : |
| Other physical details |
ill., maps ; |
| Dimensions |
25 cm. |
| 490 1# - SERIES STATEMENT |
| Series statement |
The Blackwell history of the world |
| 500 ## - GENERAL NOTE |
| General note |
Previous ed.: A history of Latin America : c. 1450 to the present. 2004. |
| 504 ## - BIBLIOGRAPHY, ETC. NOTE |
| Bibliography, etc |
Includes bibliographical references and index. |
| 505 0# - FORMATTED CONTENTS NOTE |
| Formatted contents note |
Lands and climates -- American peoples -- Iberia and Africa -- Columbus and others -- Experiment in the Caribbean -- Military conquest -- Administration : the power of paper -- Church : friars, bishops, and the state -- Society : old orders changed -- Economy : ships and silver -- The seventeenth century : a slacker grip -- Eighteenth-century Spanish America : reformed or doomed? -- Colonial Brazil : slaves, sugar, and gold -- Independence -- Epilogue. |
| 651 #0 - SUBJECT ADDED ENTRY--GEOGRAPHIC NAME |
| Geographic name |
Latin America |
| General subdivision |
History. |
| 700 1# - ADDED ENTRY--PERSONAL NAME |
| Personal name |
Holler, Jacqueline Zuzann, |
| Dates associated with a name |
1964- |
| 700 1# - ADDED ENTRY--PERSONAL NAME |
| Personal name |
Bakewell, P. J. |
| Fuller form of name |
(Peter John), |
| Dates associated with a name |
1943- |
| Title of a work |
History of Latin America. |
| 830 #0 - SERIES ADDED ENTRY--UNIFORM TITLE |
| Uniform title |
Blackwell history of the world. |
| 906 ## - LOCAL DATA ELEMENT F, LDF (RLIN) |
| a |
7 |
| b |
cbc |
| c |
orignew |
| d |
1 |
| e |
ecip |
| f |
20 |
| g |
y-gencatlg |
| 942 ## - ADDED ENTRY ELEMENTS (KOHA) |
| Source of classification or shelving scheme |
|
| Koha item type |
Book |